Statistics for Balkans Map Quiz

Click here to take the quiz!

General Stats

  • This quiz has been taken 2,630 times
    (2,597 since last reset)
  • The average score is 6 of 8

Answers on the Map

Answers color-coded by a green-red scale on the quiz's map according to % correct below.
 

Answer Stats

Answer% Correct
Croatia
83%
Bulgaria
81%
Kosovo
81%
Albania
79%
Bosnia and
Herzegovina
78%
Serbia
78%
North
Macedonia
76%
Montenegro
72%

Score Distribution

Percentile by Number Answered

Percent of People with Each Score

Your Score History

You have not taken this quiz since the last reset